000
00290nam a22001217a 4500
999
_c
4442
_d
4442
008
250218b ||||| |||| 00| 0 eng d
020
_a
9781402771842
082
_a
736 NGU
100
_a
NGUYEN.DUY
_e
AUTHOR
245
_a
UBER ORIGAMI
260
_a
NEW YORK
_b
STERLING PUBLISHING
942
_2
ddc